| 000 | 00645nam a2200241Ia 4500 | ||
|---|---|---|---|
| 003 | OSt | ||
| 005 | 20220924143529.0 | ||
| 006 | a|||||r|||| 00| 0 | ||
| 007 | ta | ||
| 008 | 220923b |||||||| |||| 00| 0 urd d | ||
| 024 | _a308774 | ||
| 037 | _cTextual | ||
| 040 |
_aARTS _cARTS _burd |
||
| 041 |
_2urd _aurd |
||
| 082 | _aO142,3M18, 168L6 | ||
| 100 |
_aTurgenieff _9216158 |
||
| 245 | 0 | _aSehar hone tak | |
| 260 | _c1976 | ||
| 650 |
_aRUSSIAN LITERATURE _915056 |
||
| 700 |
_a Azeem Khadeejah Tr. _9216159 |
||
| 942 |
_hO142,3M18, 168L6 _cTEXL _2CC |
||
| 999 |
_c454856 _d454856 |
||